1090 1668 1834 1861 1232 1134 1332 1361 1673 1734 1037 1460 1218 1624 1402 1977 1560 1757 1204 1105 1414 1896 1294 1627 1243 1722 1697 1475 1737 1226 1500 1631 1848 1454 1004 1487 1801 1165 1640 1060 1152 1163 1966 1764 1738 1841 1192 1299 1859 1091 1313 1282 1962 1207 1239 1485 1051 1240 1287 1721 1995 1263 1032 1227 1315 1754 1899 1741 1484 1461 1217 1114 1595 1287 1359 1907 1569 1541 1732 1492 1088 1675 1283 1847 1364 1490 1254 1852 1961 1730 1146 1674 1807 1316 1984 1585 1054 1057 1675 BCNSPRNW ULIB Ver.6.0+V

เปลี่ยนเป็นภาษาไทย

Change to English
 แสดงรายละเอียดบรรณานุกรม
  กลับหน้าหลัก

Brief Record : Get Marc (ISO 2709) : E-mail record : QR code < ปิดหน้าต่าง
LEADER : 00000nam 2200000uu 4500
001    13399120823
003     ULIB
008    121018s2549||||th 000 0 tha d
060  4 ^aWB103^bศ275ค 2549
100 0  ^aศรีสุดา เอกลัคนารัตน์
245 00 ^aคู่มือการสร้างเสริมสุขภาพเด็ก/^cศรีสุดา เอกลัคนารัตน์
260    ^aนครสวรรค์:^bวิทยาลัยพยาบาลบรมราชชนนี สวรรค์ประชารักษ์ นครสวรรค์,^c2549
300    ^a50 หน้า
650  7 ^aการสร้างเสริมสุขภาพเด็ก
650  7 ^aเด็ก^xการสร้างเสริมสุขภาพ
710 2  ^aกระทรวงสาธารณสุข.^bสถาบันพระบรมราชนก.^bวิทยาลัยพยาบาลบรมราชชนนี สวรรค์ประชารักษ์ นครสวรรค์.
945    ^p0^l0^i24477
945    ^p0^l0^i24478
995    ^aกัณชพร
999 ^a ใช้งานได้ทุกระบบ
รายการนี้ยังไม่มีแท็ก
คุณยังไม่ได้ล็อกอิน คุณสามารถมีกิจกรรมร่วมกับเว็บไซต์ได้ แต่ต้องล็อกอินก่อน ::
  ล็อกอิน

รายการสื่อสารสนเทศ

ลำดับที่ ประเภท เลขเรียก/บาร์โค้ด สถานที่ สถานะ
1. วิทยาศาสตร์การแพทย์ และสุขภาพ
วิทยาศาสตร์การแพทย์ และสุขภาพ
WB103 ศ275ค 2549  
  Barcode: 24477
ห้องสมุดวิทยาเขตสวรรค์ประชารักษ์
►ส่วนจัดเก็บหนังสือเก่า สปร
บนชั้น
  ขอยืม
2. วิทยาศาสตร์การแพทย์ และสุขภาพ
วิทยาศาสตร์การแพทย์ และสุขภาพ
WB103 ศ275ค 2549 ฉ.2 
  Barcode: 24478
ห้องสมุดวิทยาเขตสวรรค์ประชารักษ์
►หนังสือทั่วไป
บนชั้น

รายการใกล้เคียง
    ผู้แต่ง [ศรีสุดา เอกลัคนารัตน์]

    หัวเรื่อง [การสร้างเสริมสุขภาพเด็ก]

BibComment


ยังไม่เคยถูกคอมเมนท์

คอมเมนท์ทรัพยากรรายการนี้
  คอมเมนท์: คู่มือการสร้างเส..


 Copyright 2026. Bcnsprnw @Library